000 00374nam a22001697a 4500
003 UA-OsUOA
001 2844
007 ta
008 20050721b un ||||| |||| 00| 0 ukr d
100 _aSullivan
700 _aHarry S.
942 _cBK
040 _aUA-OsUOA
_cUA-OsUOA
_dUA-OsUOA
245 _aConceptions of modern psychiatry.
_bPsychology
955 _a2
650 7 _2UDC
999 _c289006
_d289006